000 00290nam a22001337a 4500
008 170505b xxu||||| |||| 00| 0 eng d
020 _a9780205806706
041 _aeng
080 _a34
100 _a15
101 _aSHJ
245 _aGOVERNMENT BY THE PEOPLE
_cMAGLEBY
942 _2udc
_cBK
999 _c12749
_d12749